<?xml version="1.0" encoding="UTF-8"?>
<record
    xmlns:xsi="http://www.w3.org/2001/XMLSchema-instance"
    xsi:schemaLocation="http://www.loc.gov/MARC21/slim http://www.loc.gov/standards/marcxml/schema/MARC21slim.xsd"
    xmlns="http://www.loc.gov/MARC21/slim">

  <leader>00637nam a2200169 a 4500</leader>
  <controlfield tag="005">20140310182406.0</controlfield>
  <controlfield tag="008">030220s19uu    xx            00    eng d</controlfield>
  <datafield tag="100" ind1=" " ind2=" ">
    <subfield code="a">Block, Cathy Collins</subfield>
  </datafield>
  <datafield tag="245" ind1=" " ind2=" ">
    <subfield code="a">Scholastic reading skills kit (primabox) /</subfield>
    <subfield code="c">Dr. Cathy Collins Block, Dr. John N. Mangieri.</subfield>
  </datafield>
  <datafield tag="260" ind1=" " ind2=" ">
    <subfield code="a">New York :</subfield>
    <subfield code="b">Scholastic,</subfield>
    <subfield code="c">c2002.</subfield>
  </datafield>
  <datafield tag="300" ind1=" " ind2=" ">
    <subfield code="a">Primary, Box A-D</subfield>
  </datafield>
  <datafield tag="500" ind1=" " ind2=" ">
    <subfield code="a">Includes answer key cards, teacher's resource book, reading skills cards, and strategy cards.</subfield>
  </datafield>
  <datafield tag="650" ind1=" " ind2=" ">
    <subfield code="a">Reading skills kit.</subfield>
  </datafield>
  <datafield tag="700" ind1=" " ind2=" ">
    <subfield code="a">(see KITS for check out purposes)</subfield>
  </datafield>
  <datafield tag="700" ind1=" " ind2=" ">
    <subfield code="a">National Reading /Language Arts Consultants</subfield>
  </datafield>
  <datafield tag="942" ind1=" " ind2=" ">
    <subfield code="c">BK</subfield>
  </datafield>
  <datafield tag="999" ind1=" " ind2=" ">
    <subfield code="c">12719</subfield>
    <subfield code="d">12719</subfield>
  </datafield>
  <datafield tag="952" ind1=" " ind2=" ">
    <subfield code="0">0</subfield>
    <subfield code="1">0</subfield>
    <subfield code="4">0</subfield>
    <subfield code="a">LUX</subfield>
    <subfield code="b">LUX</subfield>
    <subfield code="c">KIT</subfield>
    <subfield code="d">2003-02-20</subfield>
    <subfield code="e">Scholastic</subfield>
    <subfield code="l">0</subfield>
    <subfield code="o">KIT 418.4 B62 2002</subfield>
    <subfield code="p">11584</subfield>
    <subfield code="r">2013-10-10 00:00:00</subfield>
    <subfield code="w">2013-10-10</subfield>
    <subfield code="y">KIT</subfield>
  </datafield>
</record>
